Terminus du métro parisien en cas de perturbations (service partiel) - Statistiques

Statistiques générales
  • Ce quiz a été pris 94 fois
    23 depuis la dernière actualisation
  • Le résultat moyen est 93 sur 156
Statistiques - réponses
Hint Réponse % Correct
Ligne 1 La Défense
92%
Charles de Gaulle - Étoile
85%
Charles de Gaulle - Étoile/Ternes
85%
Château de Vincennes
85%
Châtelet
85%
Esplanade de La Défense
85%
Gare de Lyon
85%
Porte Maillot
85%
Madeleine/Concorde
77%
Maison Blanche
77%
Nation
77%
Olympiades
77%
Villejuif - Louis Aragon
77%
Ligne 8 Balard
69%
Bastille
69%
Bercy
69%
Bibliothèque François Mitterand
69%
Ligne 5 Bobigny - Pablo Picasso
69%
Concorde
69%
Ligne 7bis Louis Blanc
69%
Montparnasse - Bienvenüe
69%
Place d'Italie
69%
Place d'italie
69%
Ligne 2 Porte Dauphine
69%
Ligne 4 Porte de Clignancourt
69%
Raspail
69%
République
69%
Ligne 14 Saint-Denis - Pleyel
69%
Saint-Lazare
69%
Aéroport d'Orly
62%
Avron
62%
Bagneux - Lucie Aubrac
62%
Barbès-Rochechouart
62%
Belleville
62%
Ligne 10 Boulogne - Pont de Saint-Cloud
62%
Colonel Fabien/Belleville
62%
(rarement ou pas utilisé en service commercial) Corvisart
62%
Créteil-Préfecture
62%
Daumesnil
62%
Duroc
62%
Gambetta
62%
Gare d'Austerlitz
62%
Gare du Nord
62%
Hôtel de Ville
62%
Jussieu
62%
Kléber
62%
Ligne 7 La Courneuve - 8 Mai 1945
62%
Madeleine
62%
Mairie de Montreuil
62%
Mairie de Saint-Ouen
62%
Mairie d'Ivry
62%
Odéon
62%
Opéra
62%
(aiguillage situé au niveau des quais, ne servant par conséquent pas au retournement des trains en service commercial) Place Monge
62%
Ligne 3 Pont de Levallois - Bécon
62%
Ligne 9 Pont de Sèvres
62%
Pont Marie
62%
Porte de Clichy
62%
Porte de Saint-Cloud
62%
Porte des Lilas
62%
Porte de Versailles
62%
Porte d'Orléans
62%
Réaumur - Sébastopol
62%
Réaumur-Sébastopol
62%
(ne dispose pas d'aiguillages, mais sert tout de même de terminus partiel en cas d'incident en aval) Simplon
62%
Stalingrad
62%
Thiais - Orly
62%
Arts et Métiers
54%
Cadet/Le Peletier
54%
Carrefour Pleyel
54%
Charenton - Écoles
54%
Charles Michels
54%
Château-Landon
54%
Chaussée d'Antin - La Fayette
54%
Créteil L'Échat
54%
Créteil-Pointe du Lac
54%
Église de Pantin
54%
Front Populaire
54%
Gallieni
54%
(rarement ou pas utilisé en service commercial) Invalides
54%
Jaurès
54%
(boucle de retournement seulement utilisée pour la branche d'Asnières) La Fourche
54%
La Motte Picquet - Grenelle
54%
La Motte-Picquet - Grenelle
54%
(utilisé en service commercial?) Lourmel
54%
Ligne 12 Mairie d'Aubervilliers
54%
(certaines ou la totalité des installations devraient être démontées) Mairie de Montrouge
54%
Pelleport
54%
Pereire
54%
Père Lachaise
54%
Pont Neuf
54%
(boucle éventuellement utilisée pour retourner les trains vers l'aval) Porte d'Auteuil
54%
Porte de Champerret
54%
Porte de Charenton
54%
Porte de Choisy
54%
Porte de La Chapelle
54%
Porte de la Villette
54%
Porte de Montreuil
54%
Porte d'Ivry
54%
Porte Dorée
54%
Ligne 13 Saint-Denis - Université
54%
(rarement ou pas utilisé en service commercial?) Strasbourg - Saint-Denis
54%
(utilisé uniquement vers l'aval) Trinité - D'Estienne d'Orves
54%
Trocadéro
54%
Villiers
54%
Blanche
46%
Châtillon - Montrouge
46%
Gabriel Péri
46%
Jules Joffrin
46%
Les Courtilles
46%
Mabillon
46%
Mairie des Lilas
46%
Mairie d'Issy
46%
Maisons-Alfort - Les Juilliottes
46%
Maisons-Alfort - Stade
46%
(rarement ou pas utilisé en service commercial) Marx Dormoy
46%
(utilisé en service commercial?) Maubert-Mutualité
46%
Michel-Ange - Molitor
46%
Reuilly-Diderot
46%
Rosny - Bois-Perrier
46%
Saint-Denis - Porte de Paris
46%
Saint-Sébastien - Froissart
46%
(la station en amont présente plusieurs voies, mais aucune possibilité de retourner les trains) Varenne
46%
Vavin
46%
Franklin D. Roosevelt
38%
Havre-Caumartin
38%
(ne dispose pas d'aiguillages, mais sert tout de même de terminus partiel dans le cadre des travaux d'interconnexion avec la ligne 15) Malakoff - Rue Étienne Dolet
38%
Miromesnil
38%
Oberkampf
38%
Porte de Vanves
38%
Romainville - Carnot
38%
Rue des Boulets
38%
Porte de Saint-Ouen
31%
Hôpital Bicêtre
23%
Aucun quiz correspondant
Distribution des résultats
% des personnes avec chaque résultat
Percentile par nombre de réponses
Votre historique - résultats
Vous n’avez pas pris ce quiz depuis la dernière actualisation